000 01760nam a2200337 a 4500
001
003 DO-SdBNP
005 20220203115340.0
008 081204s2008 dr 000 0 spa d
020 _a9789945861358
040 _aDO-SdBNP
_bspa
_cBPMSU
082 _a305.87293
_bP438c, 2008
_222
100 1 _aPérez Cabral, Pedro Andrés,
_b1910-1982
245 1 3 _aLa comunidad mulata :
_bel caso socio-político de la República Dominicana /
_cPedro Andrés Pérez Cabral ; presentación Sonia Medina Rodríguez.
250 _a3a ed.
260 _aSanto Domingo :
_bSociedad Dominicana de Bibliófilos,
_c2008.
300 _a286 p. ;
_c23 cm.
490 0 _aBibliófilos 2000 ;
_v22
500 _aIncluye referencias bibliográficas y notas al pie de las paginas
505 0 _tPresentación --
_tIntroducción a la tercera edición --
_tDos palabras --
_tLa negociación de los valores --
_tLa defensa social abierta --
_tEl gran miedo y la haitianofobia --
_tLa mulatización en Santo Domingo --
_tComplejo, insularidad, desvinculación telúrica --
_tBlancofilia y servilismo --
_tLa tiranía y el imperio --
_tLa corrupción normalizada --
_tEl problema minoritario --
_tEl Quantum minoritario --
_tLa subminoría nacional --
_tLa jerarquía de los factores sociales --
_tLas cuatro vallas --
_tConclusiones
_tEpílogo.
590 _aInventariado, 2022/VM
650 4 _aMulatos
_zRepública Dominicana
650 4 _aSociología política
_zRepública Dominicana
651 4 _aRepública Dominicana
_xProblemas raciales
651 4 _aRepública Dominicana
_xCondiciones sociales
651 4 _aRepública Dominicana
_xHistoria
700 1 _aMedina Rodríguez, Sonia
710 2 _aSociedad Dominicana de Bibliófilos,
910 _aVMateo V.
942 _2ddc
_cBK
999 _c14004
_d14004